Quizz sur la chrétienté - Statistiques

Statistiques générales
  • Ce quiz a été pris 1 057 fois
  • Le résultat moyen est 7 sur 15
Statistiques - réponses
Hint Réponse % Correct
Combien de temps dur le carême? 40 jours
82%
Qui a trahit Jésus Christ? Judas
82%
Quel est le nom de la fête chrétienne qui célèbre la résurrection de Jésus ? Pâques
79%
Où est né Jésus Christ? Bethléem
74%
Le Père, Le fils et le Saint esprit représentent? La trinité
67%
Quel est le nom de l'ange qui est apparu à la Vierge Marie pour lui annoncer qu'elle serait la mère de Jésus ? L'archange Gabriel
63%
Quel est le dernier livre du nouveau testament ? Apocalypse
53%
Dans quelle rivière Jésus fût baptisé par Jean Baptiste? Le Jourdain
45%
Quel est le nom de l'apôtre qui a écrit l'Apocalypse ? Jean
44%
Quelle est la fête chrétienne qui commémore la descente du Saint-Esprit sur les apôtres ? La Pentecôte
42%
Combien de livres composent le Nouveau Testament ? 27
25%
Où Jésus a-t-il été crucifié ? À Golgotha
24%
Quelle fête chrétienne est célébrée 40 jours après Pâques ? L'Ascension
20%
Quel est le nom de l'événement chrétien où Jésus monte au ciel après sa résurrection ? L'Ascension
20%
Combien de jours a duré le déluge dans l'histoire de Noé ? 40 jours et 40 nuits
4%
Aucun quiz correspondant
Distribution des résultats
% des personnes avec chaque résultat
Percentile par nombre de réponses
Votre historique - résultats
Vous n’avez pas pris ce quiz